Normal view
MARC view
Entry Corporate Name
001 - CONTROL NUMBER
- control field: 1238987
003 - CONTROL NUMBER IDENTIFIER
- control field: OSt
005 - DATE AND TIME OF LATEST TRANSACTION
- control field: 20260511141511.0
008 - FIXED-LENGTH DATA ELEMENTS
- fixed length control field: 260511|| aca||aabn | a|a d
040 ## - CATALOGING SOURCE
- Original cataloging agency: OSt
- Transcribing agency: OSt
110 ## - HEADING--CORPORATE NAME
- Corporate name or jurisdiction name as entry element: UNITED NATIONS EDUCATIONAL, SCIENTIFIC AND CULTURAL ORGANIZATION
670 ## - SOURCE DATA FOUND
- Source citation: Work cat.: (OSt)1003477: Koch Hans 620111, Cultural policy in the German Democratic Republic, 1975
